Sports Quiz

Random Sports or MLB Quiz

Top 10 Stolen Base Leaders in the MLB Quiz Stats

Quiz not verified by Sporcle

Challenge
Share
Tweet
Embed
Score 0/10 Timer 10:00
0 Plays Today
Stolen Bases Player % Correct
1,406Rickey Henderson
95.9%
892Ty Cobb
87.8%
938Lou Brock
85.7%
808Tim Raines
75.5%
752Vince Coleman
65.3%
722Honus Wagner
46.9%
912Billy Hamilton
40.8%
745Eddie Collins
38.8%
738Max Carey
24.5%
739Arlie Latham
6.1%

You're not logged in!

Compare scores with friends on all Sporcle quizzes.
Join for Free
OR
Log In

You Might Also Like...

Show Comments

Extras

Created Aug 27, 2016ReportNominate
Tags:MLB Quiz, base, leader, player, stolen, Top 10

Top Quizzes Today


Score Distribution

Your Account Isn't Verified!

In order to create a playlist on Sporcle, you need to verify the email address you used during registration. Go to your Sporcle Settings to finish the process.

Report this User

Report this user for behavior that violates our Community Guidelines.

Details: